000 00938nam a2200265Ia 4500
999 _c3832
_d3832
003 OSt
005 20200420135337.0
008 191128s2015 ck ad gr 000 0dspa d
020 _a9789585898622
040 _aCO-JMCR
_cCO-JMCR
041 0 _aspa
082 0 4 _a303.6 /
_bG516p
100 1 _aGiraldo, Fabio,
_ecompilador
_93266
245 1 0 _aEl posconflicto :
_buna mirada desde la academia /
_c Fabio Giraldo, Édgar Revéiz
260 _aBogotá :
_bAcademia Colombiana de Ciencias Económicas,
_c2015
300 _a243 páginas :
_bgráficas ;
_c24 cm.
300 _b
300 _c 24 cm
490 0 _aControversia
505 _aPosconflicto y desarrollo económico -- Posconflicto y sociedad -- Naturaleza y problema agrario -- Territorio e innovación
650 1 4 _aConflicto armado
_zColombia
_93267
650 2 4 _aAspectos económicos
_zColombia
_93268
700 1 _aRevéiz, Édgar,
_ecompilador
_91839
942 _2ddc
_cBK